000 00397nam a2200133Ia 4500
008 151021s9999 xx 000 0 und d
020 _a77076044
050 _aLB 1028.43 .M158 1992
245 _a_Intermediate Information Technology / Joyce Mount
260 _aLondon : McGraw-Hill, 1992
300 _aviii,159 p.
650 _a_Information technology
980 _a^d20110322 02:53:01^okilerai
999 _c6895
_d6895